براهين الله في النفس والعقل والعلم / (رقم التسجيلة. 141811)

تفاصيل مارك
000 -الفاتح
عناصر البيانات ثابتة الطول 00660cam a2200193 i 4500
005 - تاريخ ووقت آخر معاملة
حقل ضبط 20251203104008.0
008 - عناصر البيانات ثابتة الطول
عناصر البيانات ثابتة الطول 250721s2018 su gr 000 0 ara d
082 14 - رقم تصنيف ديوي العشري
رقم التصنيف 214.1
رقم المادة ع ا م
100 1# - مدخل رئيسي – اسم شخصي
الاسم الشخصي عامري، سامي
علاقة الشخص بالعمل/ دوره مؤلف.
245 10 - بيان العنوان
العنوان براهين الله في النفس والعقل والعلم /
بيان المسؤولية د. سامي عامري.
250 ## - بيان الطبعة
بيان الطبعة الطبعة الأولى.
264 31 - بيانات النشر، التوزيع…إلخ
مكان النشر، التوزيع...إلخ الخبر :
اسم الناشر، الموزع...إلخ تكوين للدراسات و الابحاث،
تاريخ النشر، التوزيع...إلخ 2018.
300 ## - الوصف المادي
عدد الوحدات المكونة للوعاء 751 صفحة.
650 17 - مدخل إضافي بالموضوع - مصطلح موضوعي
مصطلح موضوعي أو اسم جغرافي كعنصر مدخل العقيدة الدينية.
650 17 - مدخل إضافي بالموضوع - مصطلح موضوعي
مصطلح موضوعي أو اسم جغرافي كعنصر مدخل الالحاد.
650 17 - مدخل إضافي بالموضوع - مصطلح موضوعي
مصطلح موضوعي أو اسم جغرافي كعنصر مدخل الوجود.
942 ## - بيانات إضافية (كوها)
نوع التنصيف Dewey Decimal Classification
نوع المادة (كوها) كتب
المقتنيات
حالة السحب حالة الفقدان مصدر التصنيف حالة التلف غير قابل للإعارة المكتبة الرئيسية المكتبة الحالية موقع الرف تاريخ التزويد الرقم المتسلسل Total Checkouts رقم الإستدعاء الباركود تاريخ آخر ظهور تاريخ الفاتورة نوع المادة (كوها)
    Dewey Decimal Classification     المكتبة المركزية المكتبة المركزية الإعارة 28/07/2025 1744263   214.1 / ع ا م PLD00486935 28/07/2025 28/07/2025 كتب
    Dewey Decimal Classification     مكتبة أم قصير والمقابلين العامة مكتبة أم قصير والمقابلين العامة الإعارة 16/08/2020 1744264   214.1/عام PLD00487992 28/07/2025 16/08/2020 كتب
    Dewey Decimal Classification     مكتبة الجويدة مكتبة الجويدة الإعارة 16/08/2020 1744266   214.1/عام PLD00487994 28/07/2025 16/08/2020 كتب
    Dewey Decimal Classification     مكتبة صويلح العامة مكتبة صويلح العامة الإعارة 16/08/2020 1744265   214.1/عام PLD00487993 28/07/2025 16/08/2020 كتب
Implemented & Customized by: BBB with SCIT (Smart Chains for Information Technology)

Powered by Koha